书目信息 |
| 题名: |
世界人文地理手册
|
|
| 作者: | 毛汉英 , 刘伉 编 | |
| 分册: | ||
| 出版信息: | 北京 知识出版社 1981 |
|
| 页数: | 366页 | |
| 开本: | 19cm | |
| 丛书名: | ||
| 单 册: | ||
| 中图分类: | K91-62 | |
| 科图分类: | ||
| 主题词: | 人文地理--世界--手册 , 地理--世界 | |
| 电子资源: | ||
| ISBN: | ||
| 000 | 00640nam0 2200241 45 | |
| 001 | 0184007525 | |
| 005 | 20060819092903.34 | |
| 010 | @dCNY1.18 | |
| 091 | @a12214.2 | |
| 100 | @a19960215d1981 em y0chiy0121 ea | |
| 101 | 0 | @achi |
| 102 | @aCN@b110000 | |
| 105 | @ay z 000yy | |
| 200 | 10 | @a世界人文地理手册@Ashi jie ren wen di li shou ce@f毛汉英,刘伉编 |
| 210 | @a北京@c知识出版社@d1981 | |
| 215 | @a366页@d19cm | |
| 606 | @a人文地理@y世界@x手册 | |
| 606 | 0 | @a地理@x世界 |
| 690 | @aK91-62@v3 | |
| 701 | 0 | @a毛汉英@Amao han ying@4编 |
| 701 | 0 | @a刘伉@Aliu kang@4编 |
| 801 | 0 | @aCN@bNLC@c20060819 |
| 905 | @dK91-62@e43@f1@b92206 | |
| 世界人文地理手册/毛汉英,刘伉编.-北京:知识出版社,1981 |
| 366页;19cm |
| ISBN :CNY1.18 |
| ● |
| 相关链接 |
|
|
|
|
正题名:世界人文地理手册
索取号:K91-62/43
 
预约/预借
| 序号 | 登录号 | 条形码 | 馆藏地/架位号 | 状态 | 备注 |
| 1 | 0057058 | 001901277 | 密集书库/ [索取号:K91-62/43] | 在馆 | |
| 2 | 0057059 | 202199520 | 密集书库/ [索取号:K91-62/43] | 在馆 | |
| 3 | 0057060 | 202378774 | 密集书库/ [索取号:K91-62/43] | 在馆 | |
| 4 | 0057062 | 202239666 | 密集书库/ [索取号:K91-62/43] | 在馆 | |
| 5 | 0057065 | 202378765 | 密集书库/ [索取号:K91-62/43] | 在馆 | |
| 6 | 0057066 | 202378729 | 密集书库/ [索取号:K91-62/43] | 在馆 | |
| 7 | 0057067 | 202378738 | 密集书库/ [索取号:K91-62/43] | 在馆 | |
| 8 | 0092206 | 000078935 | 第二样本阅览室/ [索取号:K91-62/43] | 在馆 | |
| 9 | 0436434 | 204364348 | 密集书库/ [索取号:K91-62/43] | 在馆 | |
| 10 | 0462822 | 204628224 | 密集书库/ [索取号:K91-62/43] | 在馆 | |
| 11 | 0462823 | 204628233 | 密集书库/ [索取号:K91-62/43] | 在馆 | |
| 12 | 0462824 | 204628242 | 密集书库/ [索取号:K91-62/43] | 在馆 | |
| 13 | 0466820 | 204668207 | 密集书库/ [索取号:K91-62/43] | 在馆 |